000 01573nam a22004817a 4500
001 0061340
003 KOHA_MİRAKIL
005 20260207004334.0
007 ta
008 170912b2016 tu |||grn|||#0|||0|tur |
020 _a9789756614143
040 _aTR-BiSEU
_btur
_cTR-BiSEU
_erda
041 0 _atur
044 _ctu
050 _aDS61.85
_b.B85 2016
100 1 _aBulut, Yücel.
245 1 _aOryantalizmin kısa tarihi/
_cYücel Bulut ; Yücel Bulut.
250 _a6. Baskı
264 1 _aİstanbul :
_bKüre Yayınları
_c2016
300 _axi, 199 sayfa ;
_c23 cm.
336 _ametin
_btxt
_2rdacontent
337 _aaracısız
_bn
_2rdamedia
338 _acilt
_bnc
_2rdacarrier
490 1 _aKüre yayınları ;
_v13.
490 1 _aOryantalizm ;
_v1.
490 1 _aBatı düşünce tarihi
500 _aKaynakça ve dizin var.
650 0 _aOryantalizm.
_969678
650 0 _aAsya--Yabancı kamuoyu, Batı.
_9113771
650 0 _aOrta Doğu--Dış kamuoyu, Batı.
_9113772
650 0 _aAsya--Eğitim ve öğretim.
_9113773
650 0 _aOrta Doğu--Eğitim ve öğretim.
_9113774
650 0 _aOrientalism.
_99463
650 0 _aAsia--Foreign public opinion, Western.
_951210
650 0 _aMiddle East--Foreign public opinion, Western.
_951211
650 0 _aAsia--Study and teaching.
_913310
650 0 _aMiddle East--Study and teaching.
_9113775
830 1 _aKüre yayınları ;
_v13.
_96355
830 1 _aOryantalizm ;
_v1.
_9113776
830 1 _aBatı düşünce tarihi
_9113777
907 _aAraştırma
942 _2lcc
_cBK
999 _c61135
_d61135